000 00697nam a2200289Ia 4500
005 20260324135112.0
008 008 260324s9999 xx 000 0 eng d
020 _a9781315209845
037 _aEBOOK
040 _aCRL
040 _beng
040 _cCRL
041 _2eng
041 _aeng
084 _qCRL
100 _aLinda Mitchell
_91069243
245 0 _aGrammar Wars
245 0 _bLanguage as Cultural Battlefield in 17th and 18th Century England
260 _bTaylor and Francis
260 _c2001
365 _a
365 _b230
856 _uhttp://www.taylorfrancis.com/books/9781315209845
942 _cEBOOK
999 _c1800078
_d1800078